Guess the Football Club Logo - South America/CONMEBOL #2 - Statistics

General Stats
  • This quiz has been taken 18 times
  • The average score is 8 of 12
Answer Stats
Picture Hint Answer % Correct
Brazil Fluminense
94%
Argentina River Plate
94%
Brazil Sao Paulo FC
94%
Brazil S.C. Corinthians Paulista
88%
Uruguay Club Nacional de Futbol
76%
Brazil C.A. Independiente
71%
Colombia Deportivo Cali
59%
Brazil Fortaleza
59%
Chile Universidad de Chile
59%
Colombia Millonarios
47%
Argentina A.A. Argentinos Juniors
35%
Colombia Deportes Tolima
29%
No matching quizzes found
Score Distribution
Percent of People with Each Score
Percentile by Number Answered
Your Score History
You have not taken this quiz